000 01069nam a2200301 i 4500
003 EG-GICUC
005 20260504153705.0
008 260504s1996 fr fr|||| 00| 0 fre d
040 _aEG-GiCUC
_bfre
_cEG-GiCUC
_dEG-GiCUC
_eRda
041 0 _afre
082 0 4 _221
_a345.4
_bMI . R
092 0 4 _221
099 _aLaw1 07 345.4 MI . R 1996
100 1 _aMichel, Jean
_eAuteur
245 1 4 _aLes Recours Administratifs :
_bGracieux, Hiérarchiques Et De Tutelle /
_cJean Michel ; Préface De Pierre Soutou.
264 1 _a Paris :
_b La Documentation Française,
_c1996.
300 _a313 page :
_billustration ;
_c 24 cm.
336 _2rda contenu
_a texte
337 _2rda medias
_aOrdinateur
338 _2 transporteur rda
_a Ressource en ligne
504 _aComprend des références bibliographiques et un index.
546 _aTexte en français
650 1 _aDroit administratif
_2qrmak
700 1 _aSoutou, Pierre.
_ePréfacier
856 4 0 _uhttps://fll.law.cu.edu.eg/fulltext/bks/B07-05245.pdf
905 _a167
942 _2ddc
_cBK
_e21
_n0
999 _c75513
_d75513